Uneven odds: (Record no. 158281)

MARC details
000 -LEADER
fixed length control field 00629nam a22001937a 4500
005 - DATE AND TIME OF LATEST TRANSACTION
control field 20181024144625.0
010 ## - LCCN (DPL NO)
LC control number ENG-124355
020 ## - INTERNATIONAL STANDARD BOOK NUMBER
International Standard Book Number 9780199480142
Terms of availability 1095.00
035 ## - SYSTEM CONTROL NUMBER
System control number EN-107887
037 ## - SOURCE OF ACQUISITION
Source of stock number/acquisition DBAD/PUB
082 ## - DEWEY DECIMAL CLASSIFICATION NUMBER
Classification number 305.5130954
100 ## - MAIN ENTRY--PERSONAL NAME
Personal name Vaid, Divya
245 ## - TITLE STATEMENT
Title Uneven odds:
Statement of responsibility, etc by Divya Vaid
Remainder of title social mobility in contemporary india /
260 ## - PUBLICATION, DISTRIBUTION, ETC. (IMPRINT)
Place of publication, distribution, etc New Delhi
Name of publisher, distributor, etc Oxford University Press
Date of publication, distribution, etc 2018
270 ## - ADDRESS
City New Delhi
Postal code 110002
Address 2/11 Ground Floor, Ansari Road, Daryaganj,
300 ## - PHYSICAL DESCRIPTION
Extent xv,339p
Dimensions 21cm.(Hb)
500 ## - GENERAL NOTE
General note It includes bibliography and index
942 ## - ADDED ENTRY ELEMENTS (KOHA)
Source of classification or shelving scheme Dewey Decimal Classification
Item type English Books
Classification part 305.5130954
Call number suffix VAI
Holdings
Withdrawn status Lost status Not for loan Collection code Home library Current library Date acquired Source of acquisition Cost, normal purchase price Full call number Barcode Copy number Cost, replacement price Koha item type
    Not For Loan Non-fiction D.B.Act.Division Bawana 24/10/2018 DBAD/PUB 1095.00 305.5130954 VAI EN-107887 1 1095.00 English Books

© Delhi Public Library
Hit Counter
free hit counter